Tổ chức chính quyền địa phương theo hiến pháp nước Cộng Hòa Xã Hội Chủ Nghĩa Việt Nam năm 2013

Nội dung sách giới thiệu về chính quyền địa phương, các quy định về tổ chức chính quyền địa phương trong hiến pháp 2013 và hỏi đáp pháp luật về tổ chức chính quyền địa phương tại Việt Nam.

Gespeichert in:
Bibliographische Detailangaben
1. Verfasser: Nguyễn, Minh Đoan
Format: Buch
Sprache:Undetermined
Veröffentlicht: Hà Nội Hồng Đức 2015
Schlagworte:
Tags: Tag hinzufügen
Keine Tags, Fügen Sie den ersten Tag hinzu!
Thư viện lưu trữ: Trung tâm Học liệu Trường Đại học Cần Thơ
LEADER 01162nam a2200217Ia 4500
001 CTU_216053
008 210402s9999 xx 000 0 und d
082 |a 342.597 
082 |b Đ406 
100 |a Nguyễn, Minh Đoan 
245 0 |a Tổ chức chính quyền địa phương theo hiến pháp nước Cộng Hòa Xã Hội Chủ Nghĩa Việt Nam năm 2013 
245 0 |c Nguyễn Minh Đoan 
260 |a Hà Nội 
260 |b Hồng Đức 
260 |c 2015 
520 |a Nội dung sách giới thiệu về chính quyền địa phương, các quy định về tổ chức chính quyền địa phương trong hiến pháp 2013 và hỏi đáp pháp luật về tổ chức chính quyền địa phương tại Việt Nam. 
650 |a Local government,Local government,Chính quyền địa phương,Chính quyền địa phương 
650 |x Law and legislation,Luật và hiến luật 
650 |z Vietnam,Vietnam,Việt Nam,Việt Nam 
904 |i Qhieu - Linh, Sương 
980 |a Trung tâm Học liệu Trường Đại học Cần Thơ